[Event "Druzynowe Mistrzostwa Polski Juniorow - I Liga"]
[Site "Ustron"]
[Date "2011-07-05"]
[Round "9.1"]
[White "Duda, Jan-krzysztof"]
[Black "Blaszkiewicz, Mateusz"]
[Result "1-0"]
[WhiteTitle "FM"]
[BlackTitle "I"]
[WhiteElo "2274"]
[BlackElo "1871"]

1. e4 e5 2. Nf3 Nc6 3. Bb5 a6 4. Ba4 Nf6 5. O-O b5 6. Bb3 Bb7 7. d4 Nxe4
8. dxe5 Na5 9. Bd5 Bc5 10. Bxb7 Nxb7 11. Qd5 Nxf2 12. Rxf2 c6 13. Qd2 Bxf2+
14. Qxf2 O-O 15. Bg5 Qa5 16. Nbd2 Rfe8 17. Nb3 Qb4 18. Rd1 h6 19. Rd4 Qxd4
20. Qxd4 hxg5 21. Qxd7 g4 22. Qxg4 Rad8 23. Nbd4 Nc5 24. b4 Na4 25. Nf5 Rd1+
26. Kf2 g6 27. e6 Nc3 28. Nh6+ Kg7 29. Nxf7 Nd5 30. N3e5 1-0

[Event "Druzynowe Mistrzostwa Polski Juniorow - I Liga"]
[Site "Ustron"]
[Date "2011-07-05"]
[Round "9.2"]
[White "Chomski, Maciej"]
[Black "Sleczka, Bartosz"]
[Result "1-0"]
[WhiteTitle "I"]
[BlackTitle "I"]
[WhiteElo "1845"]
[BlackElo "1881"]

1. d4 d5 2. c4 e6 3. Nc3 Nf6 4. Bg5 Be7 5. Nf3 Nbd7
6. e3 c6 7. Qc2 O-O 8. cxd5 exd5 9. Bd3 Re8 10. O-O h6 11. Bh4 Ne4 12. Bxe7
Qxe7 13. Rab1 Nf8 14. b4 a6 15. a4 Ng5 16. Nxg5 Qxg5 17. Kh1 Bd7 18. b5 axb5
19. axb5 Rac8 20. bxc6 bxc6 21. Na4 Rc7 22. Rfc1 Ng6 23. g3 Qf6 24. Rb6 Bh3
25. Kg1 Qf3 26. Bf1 Bxf1 27. Rxf1 Re6 28. Qd1 Qf5 29. Nc5 Rf6 30. f4 Kh7
31. Rb8 Rd6 32. Qd3 Qf6 33. Ra1 Rd8 34. Rb6 Re8 35. Re1 Kh8 36. Na6 Rd7 37. Nb4
Ne7 38. Rc1 Rc8 39. Qc3 Rdc7 40. Na6 Ra7 41. Nb4 Rac7 42. Na6 Rd7 43. Nc5 Ra7
44. Ra1 Rxa1+ 45. Qxa1 Nf5 46. Qc1 Qe7 47. Kf2 Re8 48. Rb3 Nd6 49. Rc3 Ra8
50. Ra3 Rb8 51. Rb3 Re8 52. Rc3 Qf6 53. Qb2 Nb5 54. Rb3 Qd6 1-0

[Event "Druzynowe Mistrzostwa Polski Juniorow - I Liga"]
[Site "Ustron"]
[Date "2011-07-05"]
[Round "9.3"]
[White "Bus, Konrad"]
[Black "Swiderski, Radoslaw"]
[Result "0-1"]
[WhiteTitle "I"]
[BlackTitle "II+"]
[WhiteElo "1871"]
[BlackElo "1815"]

1. e4 c5 2. c3 Nf6 3. e5 Nd5 4. d4 cxd4 5. Nf3 Nc6 6. cxd4 d6 7. exd6 Qxd6
8. Nc3 Bg4 9. Be2 e6 10. O-O Be7 11. Ne4 Qc7 12. Be3 O-O 13. a3 Rfd8 14. Qd2
Nf6 15. Nc3 e5 16. Rfd1 a6 17. d5 Na5 18. Ra2 Be6 19. dxe6 Rxd2 20. exf7+ Kxf7
21. Rxd2 Kg8 22. Rd1 Bc5 23. Bg5 e4 24. Nd2 e3 25. Bxe3 Bxe3 26. fxe3 Rd8
27. Nde4 Rxd1+ 28. Bxd1 Nxe4 29. Nxe4 Qc1 30. Nc3 Nc4 31. Kf1 Nxe3+ 32. Ke2
Nxd1 33. Nxd1 Qc4+ 34. Kd2 Qxa2 35. Kc2 Qd5 36. Ne3 Qe4+ 37. Kd2 Qd4+ 38. Ke2
Qxb2+ 39. Kf3 Qxa3 40. g4 b5 41. h4 b4 42. Kf4 b3 0-1

[Event "Druzynowe Mistrzostwa Polski Juniorow - I Liga"]
[Site "Ustron"]
[Date "2011-07-05"]
[Round "9.4"]
[White "Witczak, Jakub"]
[Black "Kyc, Jerzy"]
[Result "1/2-1/2"]
[WhiteTitle "II"]
[BlackTitle "II"]
[WhiteElo "1589"]
[BlackElo "1627"]

1. e4 c5 2. Nf3 d6 3. d4 cxd4 4. Nxd4 Nf6 5. Nc3 g6 6. Be3 Bg7 7. f3 Nc6
8. Qd2 O-O 9. O-O-O d5 10. exd5 Nxd5 11. Nxc6 bxc6 12. Bd4 e5 13. Bc5 Be6
14. Ne4 Re8 15. h4 f5 16. Ng5 Bh6 17. Kb1 Bxg5 18. hxg5 a5 19. Bd3 f4 20. g3
Qxg5 21. gxf4 Nxf4 22. Rdg1 Qf6 23. Qh2 Qg7 24. Be4 Bd5 25. Be3 Rf8 26. Rg4
Bxe4 27. fxe4 Rab8 28. b3 g5 29. Rxg5 Ng6 30. Rhg1 Rfe8 31. Bc1 a4 32. Bb2 axb3
33. cxb3 Rb5 34. Qf2 Re6 35. Qf5 Qe7 36. Rxg6+ hxg6 37. Rxg6+ Rxg6 38. Qxg6+
Qg7 39. Qxc6 Qg1+ 40. Qc1 Qb6 41. Qc8+ Kg7 42. Qd7+ Kg8 43. Qe8+ Kh7 44. Qf7+
Kh8 45. Qh5+ Kg8 46. Qg5+ Kh7 47. Bxe5 Rxb3+ 48. axb3 Qxb3+ 49. Kc1 Qc2+
50. Kxc2 1/2-1/2

[Event "Druzynowe Mistrzostwa Polski Juniorow - I Liga"]
[Site "Ustron"]
[Date "2011-07-05"]
[Round "9.5"]
[White "Tracz, Marcelina"]
[Black "Delekta, Anna"]
[Result "1/2-1/2"]
[WhiteTitle "II+"]
[BlackTitle "I"]
[WhiteElo "1692"]
[BlackElo "1706"]

1. e4 c5 2. Nf3 Nc6 3. d4 cxd4 4. Nxd4 Nf6 5. Nc3 e6 6. Be3 Bb4 7. Bd3 Qa5
8. Ne2 Ng4 9. Qd2 O-O 10. O-O d5 11. exd5 exd5 12. h3 Nge5 13. a3 Bd6 14. Nxd5
Qd8 15. Ndf4 Qh4 16. Bxh7+ Kxh7 17. Qxd6 Rd8 18. Qc5 g5 19. Nd3 Rxd3 20. cxd3
Bxh3 21. d4 Bxg2 22. Kxg2 Qe4+ 23. f3 Qxe3 24. Qc2+ Qd3 25. Qd1 Qxd1 26. Rfxd1
Nc4 27. Rd3 Re8 28. Kf2 Nxb2 29. Re3 Rxe3 30. Kxe3 f5 31. Rb1 Nc4+ 32. Kf2 Nd6
33. Rc1 Kg6 34. d5 Ne5 35. Rc7 f4 36. Re7 Nd3+ 37. Kf1 Nc5 38. Nd4 Kf6 39. Rc7
Na6 40. Rh7 Nc5 41. Rc7 Ke5 42. Rxc5 Kxd4 43. Rc7 Kxd5 44. Rg7 Kc4 45. Rxg5 Kb3
46. Ke2 Kxa3 47. Ra5+ Kb3 48. Rxa7 b5 49. Kd3 b4 50. Rd7 1/2-1/2

[Event "Druzynowe Mistrzostwa Polski Juniorow - I Liga"]
[Site "Ustron"]
[Date "2011-07-05"]
[Round "9.7"]
[White "Zmarzly, Aleksandra"]
[Black "Borawski, Jakub"]
[Result "1-0"]
[WhiteTitle "k+"]
[BlackTitle "II+"]
[WhiteElo "2094"]
[BlackElo "1897"]

1. e4 e5 2. Nf3 Nc6 3. Bb5 a6 4. Bxc6 dxc6 5. Nc3 Qd6 6. d4 exd4 7. Qxd4 Qxd4
8. Nxd4 Bd7 9. Bf4 O-O-O 10. O-O-O Ne7 11. Bg3 f6 12. f3 g6 13. Rhe1 Bg7 14. e5
fxe5 15. Bxe5 Bxe5 16. Rxe5 Rde8 17. Rde1 Nd5 18. Kd2 Nxc3 19. Rxe8+ Rxe8
20. Rxe8+ Bxe8 21. Kxc3 Bf7 22. a3 c5 23. Nb3 b6 24. Nd2 Kd7 25. Ne4 h6 26. Kd2
c4 27. Ke3 c5 28. Kf4 Ke6 29. h4 a5 30. g4 Be8 31. Ke3 Bc6 32. c3 Ke5 33. f4+
Ke6 34. Ng3 Kf6 35. h5 a4 36. hxg6 Kxg6 37. Ne4 h5 38. f5+ Kh6 39. g5+ Kg7
40. Ng3 h4 41. Nh5+ Kf8 42. Kf4 Bd7 43. Nf6 Bc8 44. Ng4 h3 45. g6 Bd7 46. Kg5
Kg7 47. f6+ Kf8 48. g7+ 1-0

[Event "Druzynowe Mistrzostwa Polski Juniorow - I Liga"]
[Site "Ustron"]
[Date "2011-07-05"]
[Round "9.8"]
[White "Zochowski, Kacper"]
[Black "Malec, Robert"]
[Result "1-0"]
[WhiteTitle "I"]
[BlackTitle "I"]
[WhiteElo "1954"]
[BlackElo "1830"]

1. e4 c5 2. Nf3 e6 3. d4 cxd4 4. Nxd4 Nf6 5. Nc3 Qb6 6. Nb3 Bb4 7. Bd3 d6
8. Bd2 Bxc3 9. Bxc3 O-O 10. Bxf6 gxf6 11. Qh5 Nd7 12. O-O Nc5 13. Nxc5 Qxc5
14. e5 f5 15. Qg5+ Kh8 16. Qf6+ Kg8 17. Rae1 dxe5 18. Re3 Re8 19. Qh6 Qxe3
20. fxe3 e4 21. Bxe4 fxe4 22. Qg5+ 1-0

[Event "Druzynowe Mistrzostwa Polski Juniorow - I Liga"]
[Site "Ustron"]
[Date "2011-07-05"]
[Round "9.9"]
[White "Terochin, Piotr"]
[Black "Smolarczyk, Tomasz"]
[Result "1-0"]
[WhiteTitle "II"]
[BlackTitle "II"]
[WhiteElo "1711"]
[BlackElo "1575"]

1. e4 e5 2. Nf3 Nc6 3. d4 exd4 4. Bc4 Nf6 5. e5 d5 6. Bb5 Ne4 7. Nxd4 Bd7
8. Bxc6 bxc6 9. O-O Bc5 10. Be3 Bb6 11. f3 Ng5 12. f4 Ne4 13. Nd2 Nxd2 14. Qxd2
c5 15. Nb3 d4 16. Bf2 Bb5 17. Rfe1 Qd5 18. f5 O-O-O 19. Qg5 a5 20. Nd2 Bc6
21. b3 Rhe8 22. Qg3 g6 23. f6 Kb8 24. Nc4 Kb7 25. Rad1 h5 26. h4 Rd7 27. a4 Ka7
28. Rd3 Qe6 29. Qf4 Qd5 30. Qg3 Qe6 31. c3 Red8 32. cxd4 cxd4 33. Red1 Rd5
34. Nxb6 cxb6 35. Bxd4 Qd7 36. Qf2 Rb8 37. Bxb6+ Rxb6 38. Rxd5 Bxd5 39. Qd2
Rxb3 40. Qxa5+ Kb8 41. Rxd5 Rb1+ 42. Kh2 1-0

[Event "Druzynowe Mistrzostwa Polski Juniorow - I Liga"]
[Site "Ustron"]
[Date "2011-07-05"]
[Round "9.10"]
[White "Szostko, Jakub"]
[Black "Malecki, Mateusz"]
[Result "1-0"]
[WhiteTitle "II"]
[BlackTitle "II"]
[WhiteElo "1645"]
[BlackElo "1339"]

1. e4 c5 2. Nf3 Nc6 3. d4 cxd4 4. Nxd4 Nf6 5. Nc3 e5 6. Ndb5 d6 7. Bg5 a6
8. Bxf6 gxf6 9. Na3 f5 10. exf5 Bxf5 11. Qf3 Be6 12. O-O-O Bg7 13. Nc4 Bxc4
14. Bxc4 O-O 15. h4 Rb8 16. Qd5 Nd4 17. Ne2 b5 18. Nxd4 exd4 19. Bd3 Qf6 20. f3
Qe5 21. Qe4 f5 22. Qe2 Bh6+ 23. Kb1 Be3 24. Rdf1 Kh8 25. g4 f4 26. g5 Rg8
27. Qg2 Qg7 28. Qg4 Rbe8 29. Rh2 Re5 30. Rg2 a5 31. Rh1 a4 32. g6 h6 33. Qg5
Rf8 34. Qg4 b4 35. Bc4 d5 36. Bb5 a3 37. Bd7 axb2 38. Be6 Re8 39. Bf7 Rf8
40. Qd7 Bc1 41. Rg5 Re3 42. Qxd5 d3 43. cxd3 Bd2 44. Rh5 Bc3 45. Qg5 Rxf7
46. Rxh6+ Kg8 47. gxf7+ Kxf7 48. Qxf4+ 1-0

[Event "Druzynowe Mistrzostwa Polski Juniorow - I Liga"]
[Site "Ustron"]
[Date "2011-07-05"]
[Round "9.11"]
[White "Barburzynska, Magdalena"]
[Black "Gorbacz, Dominika"]
[Result "1/2-1/2"]
[WhiteTitle "I++"]
[BlackTitle "II+"]
[WhiteElo "1936"]
[BlackElo "1620"]

1. e4 e5 2. Nf3 Nc6 3. Bb5 a6 4. Ba4 Nf6 5. O-O b5 6. Bb3 Be7 7. Re1 O-O 8. h3
d6 9. c3 Na5 10. Bc2 c5 11. d4 Qc7 12. Nbd2 Nc6 13. d5 Nd8 14. b3 Ne8 15. c4 g6
16. Nf1 Ng7 17. Qe2 f6 18. cxb5 axb5 19. Bd3 b4 20. N3d2 Nf7 21. Nc4 f5 22. f3
f4 23. Bd2 Bd7 24. Rec1 Rfb8 25. Be1 g5 26. Nh2 Ne8 27. Nd2 Rb7 28. a4 bxa3
29. Rxa3 Raa7 30. Nb1 Qb8 31. Qc2 Bd8 32. Rxa7 Rxa7 33. Nc3 Nc7 34. Rb1 Nb5
35. Nxb5 Bxb5 36. Qe2 Ba5 1/2-1/2

[Event "Druzynowe Mistrzostwa Polski Juniorow - I Liga"]
[Site "Ustron"]
[Date "2011-07-05"]
[Round "9.12"]
[White "Rudnik, Anna"]
[Black "Lascar, Radoslawa"]
[Result "1-0"]
[WhiteTitle "II+"]
[BlackTitle "II+"]
[WhiteElo "1594"]
[BlackElo "1587"]

1. e4 c5 2. Nf3 Nc6 3. d4 cxd4 4. Nxd4 Nf6 5. Nc3 e5 6. Ndb5 d6 7. a4 a6
8. Na3 Be7 9. Bg5 O-O 10. Bxf6 Bxf6 11. Bc4 Kh8 12. O-O Bg5 13. Bb3 Nd4 14. Nc4
f5 15. Qd3 f4 16. f3 Be6 17. Rad1 Be7 18. Rf2 Rf6 19. Qf1 Rc8 20. Nd2 Bd7
21. Nd5 Rh6 22. Nc4 Bh4 23. Rfd2 Bg3 24. h3 Qg5 25. Ncb6 Rd8 26. Nxd7 Rxd7
27. a5 Rd8 28. Ba4 Rc8 29. c3 Nc6 30. Nb6 Rc7 31. Rxd6 Rxd6 32. Rxd6 Qe7
33. Rd5 Nd8 34. Qd1 Nf7 35. Kh1 Bh4 36. Rd7 Rxd7 37. Qxd7 Qxd7 38. Nxd7 Bd8
39. b4 Bc7 40. Bb3 Nd8 41. Bd5 g6 42. Kg1 Kg7 43. Kf1 h5 44. Nc5 b5 45. axb6
Bxb6 46. Nxa6 Kf6 47. c4 Ne6 48. Bxe6 Kxe6 49. c5 Bd8 50. b5 Kd7 51. Ke2 Ba5
52. Kd3 Bd8 53. Kc4 Ba5 54. b6 Kc6 55. Nb8+ Kb7 56. Nd7 1-0

[Event "Druzynowe Mistrzostwa Polski Juniorow - I Liga"]
[Site "Ustron"]
[Date "2011-07-05"]
[Round "9.13"]
[White "Wandzik, Wojciech"]
[Black "Stankiewicz, Pawel"]
[Result "1/2-1/2"]
[WhiteTitle "k"]
[BlackTitle "I++"]
[WhiteElo "2239"]
[BlackElo "2064"]

1. e4 d6 2. d4 Nf6 3. Bd3 g6 4. a3 Bg7 5. Nf3 O-O 6. O-O Nbd7 7. Re1 e5 8. c3
c6 9. Bg5 h6 10. Bh4 Qc7 11. Nbd2 Re8 12. a4 Nh5 13. Nf1 Nf8 14. dxe5 dxe5
15. Qc2 Be6 16. Red1 g5 17. Bg3 Nxg3 18. Nxg3 Ng6 19. Nd2 Rad8 20. Nc4 Nf4
21. Bf1 Rxd1 22. Rxd1 Rd8 23. Rxd8+ Qxd8 24. Ne3 Qd7 25. Ngf5 Bxf5 26. Nxf5 b6
27. g3 Ng6 28. Kg2 Ne7 29. Ne3 Nc8 30. Be2 Nd6 31. Qd3 Qe7 32. Bd1 Qe6 33. Bg4
Qe7 34. Bf5 Bf8 35. b4 Qc7 36. Qe2 Qd8 37. Qh5 Nxf5 38. Nxf5 Qd3 39. Qf3 Qxf3+
40. Kxf3 h5 41. Ke2 f6 42. b5 cxb5 43. axb5 Kf7 44. Kd3 Bc5 45. f3 Bf8 46. Ke3
Bc5+ 47. Ke2 Ba3 48. Kd2 Bc5 49. Kd1 Bf8 50. Kc2 Ba3 51. Kb3 Bf8 52. Kc4 Ke6
53. h4 gxh4 54. gxh4 Bc5 55. Kd3 Kf7 56. Ke2 Kg6 57. f4 Ba3 58. Kf3 Bb2 59. c4
Bc3 60. Nd6 exf4 1/2-1/2

[Event "Druzynowe Mistrzostwa Polski Juniorow - I Liga"]
[Site "Ustron"]
[Date "2011-07-05"]
[Round "9.14"]
[White "Lukasiewicz, Aleksander"]
[Black "Mroziak, Maciej"]
[Result "0-1"]
[WhiteTitle "I"]
[BlackTitle "I++"]
[WhiteElo "1925"]
[BlackElo "2153"]

1. e4 c5 2. Nf3 d6 3. d4 cxd4 4. Nxd4 Nf6 5. Nc3 a6 6. Bc4 e6 7. Bb3 Nbd7
8. O-O Nc5 9. Re1 Be7 10. f4 O-O 11. e5 dxe5 12. fxe5 Nfd7 13. Kh1 Qc7 14. Qh5
g6 15. Qe2 b5 16. Bh6 Re8 17. Rad1 Nxb3 18. axb3 Bb7 19. Qe3 b4 20. Ne4 Qxe5
21. Qd3 Nc5 22. Nxc5 Qxc5 23. Nxe6 Qc6 24. Nf4 g5 25. Rxe7 Rxe7 26. Bxg5 Re4
27. Qg3 Kh8 28. Nh5 Qg6 29. Rd6 Qxg5 30. Qf2 Qc1+ 0-1

[Event "Druzynowe Mistrzostwa Polski Juniorow - I Liga"]
[Site "Ustron"]
[Date "2011-07-05"]
[Round "9.15"]
[White "Lizak, Jakub"]
[Black "Grela, Kacper"]
[Result "0-1"]
[WhiteTitle "II+"]
[BlackTitle "II"]
[WhiteElo "1772"]
[BlackElo "1748"]

1. e4 c5 2. Nf3 Nc6 3. d4 cxd4 4. Nxd4 Nf6 5. Nc3 e5 6. Ndb5 d6 7. Bg5 a6
8. Na3 b5 9. Bxf6 gxf6 10. Nd5 f5 11. c3 Bg7 12. exf5 Bxf5 13. Nc2 O-O 14. Nce3
Be6 15. g3 f5 16. Bg2 Rc8 17. O-O f4 18. Nc2 Ne7 19. Nxe7+ Qxe7 20. Nb4 a5
21. Nd5 Qf7 22. Qd3 f3 23. Bxf3 Qxf3 24. Ne7+ Kh8 25. Qxf3 Rxf3 26. Nxc8 Bxc8
27. Rad1 Bf8 28. Rd5 Bd7 29. Re1 Bc6 30. Rd2 Kg7 31. Re3 Rf6 32. b3 Kf7 33. Rd1
Bh6 34. Red3 Ke7 35. Re1 Rf3 36. Red1 Rxd3 37. Rxd3 Be4 38. Rd1 Bf3 39. Rb1 d5
40. Re1 Kd6 0-1

[Event "Druzynowe Mistrzostwa Polski Juniorow - I Liga"]
[Site "Ustron"]
[Date "2011-07-05"]
[Round "9.17"]
[White "Panczuk, Joanna"]
[Black "Grochocinska, Urszula"]
[Result "1/2-1/2"]
[WhiteTitle "I"]
[BlackTitle "I+"]
[WhiteElo "1678"]
[BlackElo "1789"]

1. e4 d5 2. exd5 Qxd5 3. Nc3 Qa5 4. d4 Nf6 5. Bc4 Nc6 6. Ne2 Bg4 7. f3 Bf5
8. Bd2 Qb4 9. Bb3 Nxd4 10. Nd5 Qc5 11. Nxd4 Nxd5 12. Nxf5 O-O-O 13. Qe2 e6
14. Ng3 Nb4 15. Be3 Qc6 16. O-O h5 17. Rfd1 Bd6 18. Ne4 Be5 19. c3 Nd5 20. c4
Nxe3 21. Qxe3 b6 22. c5 f5 23. Nd6+ cxd6 24. cxd6 Bxd6 25. Qxe6+ Kb8 26. Kh1
Qc5 27. Bd5 Rhe8 28. Qxf5 Bc7 29. Rac1 Qd6 30. g3 Re5 31. Qf7 Qd7 32. Qxd7 Rxd7
33. Be4 Rde7 34. Rc2 h4 35. g4 g5 36. h3 R5e6 37. Rd5 Re5 38. Rcd2 Rxd5
39. Rxd5 Bf4 40. Kg2 Kc7 41. Kf2 Rd7 42. Rxd7+ Kxd7 43. Ke2 Kd6 44. Kd3 Ke5
45. Bb7 Bc1 46. Ke2 Bxb2 47. Kf2 Ba3 48. Ba6 Kd4 49. Ke2 1/2-1/2

[Event "Druzynowe Mistrzostwa Polski Juniorow - I Liga"]
[Site "Ustron"]
[Date "2011-07-05"]
[Round "9.19"]
[White "Lis, Marek"]
[Black "Sowul, Bartosz"]
[Result "1-0"]
[WhiteTitle "I++"]
[BlackTitle "k"]
[WhiteElo "2121"]
[BlackElo "2208"]

1. e4 g6 2. d4 c6 3. Nc3 b5 4. Bd3 b4 5. Nce2 d5 6. e5 Qb6 7. Be3 Ba6 8. Nf3
e6 9. g4 c5 10. c3 Bxd3 11. Qxd3 Nc6 12. O-O c4 13. Qd2 h5 14. gxh5 Rxh5 15. b3
bxc3 16. Qxc3 cxb3 17. axb3 Bb4 18. Qd3 Nge7 19. Rfc1 a5 20. Bg5 Qa6 21. Qd1
Kd7 22. Nf4 Rhh8 23. Nd3 Rhb8 24. Bxe7 Bxe7 25. Nc5+ Bxc5 26. Rxc5 Rb4 27. Rac1
Rc8 28. Qd2 Rbb8 29. Qf4 Nd8 30. Ng5 Ke8 31. Nxf7 Rxc5 32. Nd6+ Kd7 33. dxc5
Kc6 34. Qa4+ Kc7 35. Ne8+ Kc8 36. Qh4 Qc6 37. Nd6+ Kc7 38. Rc3 Rb4 39. Qh7+ Qd7
40. Qxg6 Nc6 41. Qg5 Nd4 42. c6 Nxc6 43. Rf3 Nd8 44. Qc1+ Kb6 45. Qe3+ d4
46. Qg5 Ka6 47. Rf8 Rb8 48. Rg8 a4 49. b4 Qc7 50. b5+ Ka5 51. Rg7 Qc3 52. Qe7
a3 53. Qa7+ Kb4 54. Rg4 Kb3 55. Rxd4 a2 56. Qa4+ Kb2 57. Rb4+ Kc1 58. Rc4 Kb2
59. Rxc3 a1=R+ 60. Qxa1+ Kxa1 61. Rc7 1-0

[Event "Druzynowe Mistrzostwa Polski Juniorow - I Liga"]
[Site "Ustron"]
[Date "2011-07-05"]
[Round "9.20"]
[White "Pietruszewski, Marcin"]
[Black "Lewtak, Damian"]
[Result "0-1"]
[WhiteTitle "k"]
[BlackTitle "I+"]
[WhiteElo "2128"]
[BlackElo "2093"]

1. e4 c5 2. Nf3 Nc6 3. d4 cxd4 4. Nxd4 Nf6 5. Nc3 d6 6. Bg5 Bd7 7. Qd2 a6
8. O-O-O e6 9. f3 h6 10. Be3 h5 11. Bg5 b5 12. Kb1 Rb8 13. Nxc6 Bxc6 14. Bd3
Be7 15. Ne2 e5 16. Ng3 g6 17. Be2 h4 18. Bxf6 Bxf6 19. Nf1 Be7 20. Ne3 Qb6
21. Nd5 Bxd5 22. Qxd5 O-O 23. g3 Qf2 24. Bd3 hxg3 25. hxg3 Kg7 26. f4 exf4
27. e5 fxg3 28. exd6 Rbd8 29. Rdf1 Rxd6 30. Qb7 Qd4 31. Qxe7 g2 32. Qg5 gxh1=Q
33. Rxh1 Rh8 34. Rf1 Rf6 35. Re1 Rh5 36. Qd2 Rhf5 37. Qc1 Rf2 38. Rh1 Qf4
39. Qe1 Re6 40. Qd1 Qd2 41. Qg1 Re3 0-1

[Event "Druzynowe Mistrzostwa Polski Juniorow - I Liga"]
[Site "Ustron"]
[Date "2011-07-05"]
[Round "9.21"]
[White "Lewtak, Dominik"]
[Black "Murawko, Katarzyna"]
[Result "1-0"]
[WhiteTitle "II+"]
[BlackTitle "I+"]
[WhiteElo "1693"]
[BlackElo "1796"]

1. e4 c5 2. Nf3 d6 3. d4 cxd4 4. Nxd4 Nf6 5. Nc3 a6 6. f4 Nbd7 7. Be2 b5
8. O-O Bb7 9. Bf3 e5 10. Nf5 Nc5 11. Ng3 Be7 12. Be3 Rc8 13. Nf5 O-O 14. fxe5
dxe5 15. Qxd8 Bxd8 16. Nd6 Rc6 17. Bxc5 Ba8 18. Ba3 Rb6 19. Ndxb5 axb5 20. Bxf8
Kxf8 21. Nd5 Nxd5 22. exd5 Rd6 23. c3 Ke7 24. Rfe1 f6 25. a4 Bb6+ 26. Kh1 bxa4
27. Rxa4 Bxd5 28. Rd1 Bxf3 29. Rxd6 Bxg2+ 30. Kxg2 Kxd6 31. b4 h5 32. c4 Be3
33. c5+ Kc6 34. Ra6+ Kb7 35. Re6 Kc8 36. Rc6+ Kb7 37. b5 e4 38. Rb6+ Kc7
39. Re6 Kd7 40. Rd6+ Kc7 41. b6+ Kc8 42. Rc6+ Kb8 43. Rc7 g5 44. c6 g4 45. Rf7
Bxb6 46. Rb7+ Kc8 47. Rxb6 Kc7 48. Rb7+ Kxc6 49. Rf7 Kd5 50. Rxf6 1-0

[Event "Druzynowe Mistrzostwa Polski Juniorow - I Liga"]
[Site "Ustron"]
[Date "2011-07-05"]
[Round "9.22"]
[White "Mockun, Dawid"]
[Black "Szeglowski, Tomasz"]
[Result "1-0"]
[WhiteTitle "II+"]
[BlackTitle "II+"]
[WhiteElo "1688"]
[BlackElo "1697"]

1. d4 d6 2. Nf3 Bg4 3. e4 Nd7 4. Be2 Bxf3 5. Bxf3 g6 6. Be3 Bg7 7. c3 e5
8. O-O Ne7 9. Qb3 b6 10. Be2 O-O 11. dxe5 Nxe5 12. f4 Nd7 13. Bf3 Rb8 14. Na3
Nc5 15. Qc4 c6 16. Rad1 Qc7 17. Bd4 b5 18. Qe2 Ne6 19. Bxg7 Kxg7 20. Bg4 d5
21. f5 Nc5 22. f6+ Kg8 23. fxe7 Qxe7 24. exd5 Qc7 25. d6 Qb6 26. Qf2 f5 27. Bf3
g5 28. d7 Rbd8 1-0

[Event "Druzynowe Mistrzostwa Polski Juniorow - I Liga"]
[Site "Ustron"]
[Date "2011-07-05"]
[Round "9.23"]
[White "Cyboran, Katarzyna"]
[Black "Ostrowska, Dominika"]
[Result "0-1"]
[WhiteTitle "I++"]
[BlackTitle "k"]
[WhiteElo "1869"]
[BlackElo "1942"]

1. e4 e5 2. d4 exd4 3. Qxd4 Nc6 4. Qe3 g6 5. Nc3 Bg7 6. Bd2 d6 7. Bc4 Nf6
8. f3 Na5 9. Bd3 Be6 10. Nd5 Nc6 11. O-O-O O-O 12. Nxf6+ Bxf6 13. Kb1 Bd4
14. Qg5 Bf6 15. Qh6 Bg7 16. Qg5 Qxg5 17. Bxg5 Nb4 18. a3 Nxd3 19. Rxd3 f5
20. exf5 Rxf5 21. Bc1 Bc4 22. Rd1 b5 23. Nh3 b4 24. b3 Bf7 25. a4 h6 26. Rhe1
Re8 27. Rxe8+ Bxe8 28. Re1 Kf7 29. Bd2 a5 30. Nf4 Bd7 31. Nd3 Rd5 32. Re2 c5
33. Bf4 Bf5 34. Nf2 g5 35. Bg3 Rd4 36. Re1 c4 37. Ne4 Bxe4 38. fxe4 cxb3
39. cxb3 Rd3 40. Rf1+ Ke6 41. Rf3 Rd4 42. Rf5 Be5 43. Bxe5 Rxe4 44. Rf6+ Kxe5
45. Rxh6 Re1+ 46. Kc2 Re2+ 47. Kd3 Rb2 48. Kc4 d5+ 49. Kb5 d4 50. h4 g4 51. Rh8
Rxg2 52. Kxa5 d3 53. Kxb4 d2 54. Rd8 Rh2 55. a5 g3 56. a6 g2 57. a7 g1=Q
58. a8=Q Qb6+ 59. Kc3 0-1

[Event "Druzynowe Mistrzostwa Polski Juniorow - I Liga"]
[Site "Ustron"]
[Date "2011-07-05"]
[Round "9.24"]
[White "Jaskiewicz, Kamila"]
[Black "Lapa, Aleksandra"]
[Result "1/2-1/2"]
[WhiteTitle "I"]
[BlackTitle "I"]
[WhiteElo "1620"]
[BlackElo "1458"]

1. d4 Nf6 2. Nf3 d5 3. g3 b6 4. Bg2 Bb7 5. O-O e6 6. b3 Be7 7. Bb2 O-O 8. c4
Nbd7 9. Nbd2 c5 10. Rc1 Rc8 11. Rc2 cxd4 12. Nxd4 Bc5 13. cxd5 Nxd5 14. a3 a5
15. Ne4 Qe7 16. Nxc5 Rxc5 17. Qd2 Rxc2 18. Nxc2 Nc5 19. b4 axb4 20. axb4 Na4
21. Ba1 Rc8 22. Nd4 Rc7 23. b5 Rc5 24. Nb3 Rc4 25. Rc1 Rxc1+ 26. Nxc1 f6
27. Nd3 Qd7 28. e4 Nc7 29. Qc2 Nc5 30. Nxc5 bxc5 31. Qxc5 Nxb5 32. Qc1 Kf7
33. h4 Qd3 34. Qb2 Qd7 35. f3 Nd6 36. e5 Ne8 37. f4 Bxg2 38. Kxg2 f5 39. Qd4
Qxd4 40. Bxd4 Ke7 41. h5 Kf7 42. g4 g6 43. hxg6+ Kxg6 44. g5 h6 45. gxh6 Kxh6
46. Kh3 Kh5 47. Bb6 Ng7 48. Be3 Ne8 49. Bb6 Ng7 1/2-1/2

[Event "Druzynowe Mistrzostwa Polski Juniorow - I Liga"]
[Site "Ustron"]
[Date "2011-07-05"]
[Round "9.25"]
[White "Swiech, Przemyslaw"]
[Black "Adamowicz, Maciej"]
[Result "1-0"]
[WhiteTitle "I++"]
[BlackTitle "I+"]
[WhiteElo "2213"]
[BlackElo "1989"]

1. d4 g6 2. c4 Bg7 3. Nf3 c5 4. d5 d6 5. g3 e6 6. Bg2 Ne7 7. O-O exd5 8. cxd5
O-O 9. Nc3 a6 10. a4 Bg4 11. Nd2 Re8 12. h3 Bc8 13. Nc4 Nf5 14. Ne4 h5 15. Bf4
Bf8 16. g4 hxg4 17. hxg4 Bh6 18. Qd2 Qh4 19. Bxh6 Nxh6 20. Ncxd6 Nxg4 21. Qf4
Rf8 22. Nxc8 f5 23. Nb6 fxe4 24. Qg3 Qh5 25. Bxe4 1-0

[Event "Druzynowe Mistrzostwa Polski Juniorow - I Liga"]
[Site "Ustron"]
[Date "2011-07-05"]
[Round "9.26"]
[White "Gabryjalowicz, Jakub"]
[Black "Sobolewski, Bartosz"]
[Result "0-1"]
[WhiteTitle "I"]
[BlackTitle "II+"]
[WhiteElo "1749"]
[BlackElo "1889"]

1. e4 e6 2. d4 d5 3. Nc3 Bb4 4. e5 c5 5. a3 Bxc3+ 6. bxc3 Ne7 7. Qg4 O-O
8. Bd3 f5 9. exf6 Rxf6 10. Bg5 Rf7 11. Qh5 g6 12. Qd1 Qa5 13. Bd2 c4 14. Be2
Nbc6 15. Nf3 Qc7 16. h4 e5 17. h5 Bf5 18. Ng5 Rf6 19. g4 Be4 20. Nxe4 dxe4
21. Bxc4+ Kh8 22. g5 Rd6 23. hxg6 Nxg6 24. Qh5 exd4 25. O-O-O Nce5 26. Ba2 Rad8
27. cxd4 Nd3+ 28. Kb1 Rb6+ 29. Ka1 Nxf2 30. Rdf1 Rxd4 31. Ba5 Qg7 32. c3 Rd2
33. Qh2 Rbb2 34. Be6 e3 35. Rb1 Nxh1 36. Rxb2 Rxh2 37. Rxh2 Qe5 0-1

[Event "Druzynowe Mistrzostwa Polski Juniorow - I Liga"]
[Site "Ustron"]
[Date "2011-07-05"]
[Round "9.27"]
[White "Marczuk, Dominik"]
[Black "Kowalski, Maciej"]
[Result "1/2-1/2"]
[WhiteTitle "I"]
[BlackTitle "II+"]
[WhiteElo "1914"]
[BlackElo "1720"]

1. e4 d5 2. exd5 Nf6 3. d4 Nxd5 4. Nf3 g6 5. c4 Nb6 6. Nc3 Bg7 7. Be3 O-O
8. h3 Nc6 9. Qd2 e5 10. d5 Na5 11. b3 e4 12. Nd4 c5 13. Nde2 Nd7 14. Rc1 f5
15. Nf4 Ne5 16. Bxc5 Re8 17. Nb5 b6 18. Bd6 Nb7 19. Bxe5 Bxe5 20. d6 Bxd6
21. Nxd6 Qxd6 22. Qxd6 Nxd6 23. Nd5 Rd8 24. Be2 Bb7 25. O-O Kf7 26. Rfd1 Rac8
27. Nc3 Ke6 28. a4 Nf7 29. Nb5 a6 30. Nd4+ Ke5 31. f4+ Kf6 32. Nc2 h6 33. Kf2
g5 34. g3 gxf4 35. gxf4 Bc6 36. Rxd8 Rxd8 37. Rd1 Bb7 38. Rxd8 Nxd8 39. Nd4 Ne6
40. Nxe6 Kxe6 41. Ke3 Kd6 42. Kd4 a5 43. Bh5 Bc6 44. Bg6 Bd7 45. Bh5 Be6
46. Bg6 Bd7 47. Bh5 Bc6 48. Be2 Be8 49. Bd1 Bd7 50. Bh5 Bc6 51. Be2 Be8 1/2-1/2

[Event "Druzynowe Mistrzostwa Polski Juniorow - I Liga"]
[Site "Ustron"]
[Date "2011-07-05"]
[Round "9.28"]
[White "Wacior, Maciej"]
[Black "Jajte-pachota, Maciej"]
[Result "0-1"]
[WhiteTitle "II"]
[BlackTitle "II"]
[WhiteElo "1664"]
[BlackElo "1712"]

1. d4 Nf6 2. Nf3 e6 3. Bf4 d5 4. e3 c5 5. Bb5+ Bd7 6. Bxd7+ Nbxd7 7. c3 Qb6
8. Qc2 Bd6 9. Bxd6 Qxd6 10. Nbd2 O-O 11. O-O cxd4 12. exd4 b5 13. a3 a5 14. b4
Nb6 15. Qd3 axb4 16. axb4 Nc4 17. Rfb1 Rfc8 18. Nb3 Ne4 19. Nfd2 f5 20. f3 Rxa1
21. Rxa1 Ncxd2 22. Nxd2 Nxc3 23. Qe3 Na4 24. Qe2 Nc3 25. Qe3 f4 26. Qe1 Kf7
27. Kh1 Na4 28. Nb3 Rc4 29. Nc5 Rxd4 30. Nxa4 bxa4 31. Rxa4 Qe5 32. Ra7+ Kg6
33. Qb1+ Qf5 34. Qa1 Qd3 35. h3 Qd1+ 36. Qxd1 Rxd1+ 37. Kh2 Rb1 38. Rb7 e5
39. Rd7 d4 40. Rd5 Kf6 41. Rd6+ Ke7 42. Rd5 Ke6 43. Rd8 Rxb4 44. Re8+ Kf6
45. Rf8+ Ke7 46. Rf5 Rb5 47. Kg1 g6 48. Rg5 Kf6 49. h4 h6 50. Rg4 Kf5 51. Kf2
Rb2+ 52. Ke1 e4 53. Kd1 e3 54. Ke1 d3 55. g3 Rb1# 0-1